| 000 | 01114nam a22002657a 4500 | ||
|---|---|---|---|
| 005 | 20170124103100.0 | ||
| 010 | _aB-195309 | ||
| 020 |
_c200.00 _a8173155755 |
||
| 035 | _aB-195309 | ||
| 037 | _bCen Lib/Ret | ||
| 040 |
_aDPL _bHN |
||
| 082 |
_a921 _bनरेश |
||
| 100 |
_aनरेश भारतीय _976402 |
||
| 245 |
_aयुग भगीरथ : _cनरेश भारतीय _bश्री गुरूजी / |
||
| 246 |
_aYug bhagirath : Shri Guruji / _bby Naresh Bhartiye |
||
| 260 |
_aनई दिल्ली _bप्रभात प्रकाशन _c2006 |
||
| 270 |
_bनई दिल्ली _a4/19, आसफ अली रोड _e110002 |
||
| 300 |
_a206पृ. _c22सेमी(सजिल्द) |
||
| 500 | _aसंदर्भ शामिल | ||
| 650 |
_aहिन्दी साहित्य _976403 |
||
| 650 |
_aहिन्दी -- जीवनी -- श्री गुरूजी _976404 |
||
| 650 |
_aHindi literature _976405 |
||
| 650 |
_aHindi -- Biography - Shri Guruji _976406 |
||
| 942 |
_2ddc _cHN _h921 _mनरेश |
||
| 999 |
_c117705 _d117705 |
||